Mort subite Affirmations sur les départements français - Statistiques

Statistiques générales
  • Ce quiz a été pris 126 fois
  • Le résultat moyen est 2 sur 22
Answers on the Grid
Answers color-coded by a green-red scale on the quiz's grid according to % correct below.
1 seul département a un nom commençant par un Y
12 départements ont dans leur nom le mot "Haut", "Hauts", "Haute" ou "Hautes"
13 départements ont un nom faisant référence à un sommet
16 noms de département font référence à l'un des cinq grands fleuves français
2 départements ont un nom commençant par B
2 départements portent aussi le nom d'un aliment
3 départements contiennent dans leur nom un point cardinal
3 départements ont dans leur nom le mot "Maritime" ou "Maritimes"
3 départements ont un nom en 3 lettres
40 départements ont un nom composé de plusieurs mots
5 départements contiennent dans leur nom les lettres loire dans l'ordre
5 départements ont un nom en rapport avec une île
Athénes était le chef-lieu du département d'Ithaque
Certaines parties de l'Allemagne, de l'Italie et de l'Espagne ont été découpées en départements
De 1905 à 1955, il y avait six départements en Algérie
L'Aube porte le numéro 10 pour l'INSEE
L'INSEE a attribué le 975 à Mayotte
La Charente-Maritime a pris ce nom en 1941
La Gironde a changé de nom entre 1793 et 1795
La Loire-Atlantique a pris ce nom en 1975
La Manche porte le numéro 50 pour l'INSEE
La République rauracienne a été divisée en 3 départements
La Seine-Maritime a pris ce nom en 1961
Le département de Frise était situé dans les actuels Pays-Bas
Le département de la Meurthe a disparu en 1871
Le département de la Seine correspondait strictement au territoire de Paris
Le département des Forêts avaient comme préfecture Luxembourg
Le département du Mont-Tonnerre se trouvait en Allemagne
Le département du Ter était limitrophe des actuelles Pyrénées-Atlantiques
Le département le plus méridional est le 2A
Le département le plus occidental est le 29
Le département le plus oriental est le 68
Le département le plus septentrional est le 59
Les Alpes-de-Haute-Provence ont pris ce nom en 1969
Les Côtes d'Armor ont pris ce nom en 2000
Les départements portant les numéros 51 à 55 sont tous dans l'est de la France
Les Pyrénées-Atlantiques ont pris ce nom en 1969
On a voulu renommer l'Ille-et-Vilaine "Marche de Bretagne" en 1989
Rome a été la préfecture du département du Vatican
Tous les départements de 90 à 95 sont en Ile-de-France
 
Statistiques - réponses
Réponse % Correct
La Manche porte le numéro 50 pour l'INSEE
23%
L'Aube porte le numéro 10 pour l'INSEE
23%
Le département le plus septentrional est le 59
23%
16 noms de département font référence à l'un des cinq grands fleuves français
17%
Le département le plus occidental est le 29
17%
12 départements ont dans leur nom le mot "Haut", "Hauts", "Haute" ou "Hautes"
15%
3 départements ont dans leur nom le mot "Maritime" ou "Maritimes"
15%
Les Pyrénées-Atlantiques ont pris ce nom en 1969
15%
Le département de la Meurthe a disparu en 1871
13%
3 départements ont un nom en 3 lettres
10%
40 départements ont un nom composé de plusieurs mots
10%
Certaines parties de l'Allemagne, de l'Italie et de l'Espagne ont été découpées en départements
10%
Le département de Frise était situé dans les actuels Pays-Bas
10%
Calvados Cantal 2 départements portent aussi le nom d'un aliment
8%
La Charente-Maritime a pris ce nom en 1941
6%
Le département des Forêts avaient comme préfecture Luxembourg
6%
On a voulu renommer l'Ille-et-Vilaine "Marche de Bretagne" en 1989
6%
13 départements ont un nom faisant référence à un sommet
4%
Bec d'Ambès La Gironde a changé de nom entre 1793 et 1795
4%
La République rauracienne a été divisée en 3 départements
4%
Le département le plus méridional est le 2A
4%
Le département du Mont-Tonnerre se trouvait en Allemagne
0%
Aucun quiz correspondant
Distribution des résultats
% des personnes avec chaque résultat
Percentile par nombre de réponses
Votre historique - résultats
Vous n’avez pas pris ce quiz